| 000 | 00956cam a2200229 4500 | ||
|---|---|---|---|
| 001 | ABS65207 | ||
| 008 | 020304n2002 000 0 eng u | ||
| 035 | _a(Sirsi) u116959 | ||
| 100 | _aCook, A. | ||
| 245 | _aBrown to stamp on investors | ||
| 260 | _c2002 | ||
| 490 |
_aEstates Gazette _v(0207) 16 February 2002, 111(1) |
||
| 520 | _aDiscusses whether the chancellor of the exchequer will leave stamp duty as an 'optional tax' or introduce anti-avoidance legislation, preventing savings schemes, in the forthcoming Budget. It is thought that an increase in stamp duty rates could help calm the housing market, and raise revenue to pay for public services. Outlines ways in which property owners can limit their exposure to stamp duty on property transactions. | ||
| 590 | _aABS | ||
| 650 | _aSTAMP DUTY | ||
| 650 | _aDUTY | ||
| 650 | _aTAX | ||
| 650 | _aCHANCELLOR OF THE EXCHEQUER | ||
| 650 | _aBUDGET | ||
| 690 | _aTAXATION | ||
| 942 | _n0 | ||
| 999 |
_c69664 _d69664 |
||